000 00402nam a2200181Ia 4500
005 20251020182530.0
008 200515s9999 xx 000 0 und d
082 _a696/C20
100 _aCUSA RAMOS, Juan de
245 0 _aSeguridad en la vivienda
260 _aBarcelona
260 _c1992
500 _a1 ejemplar
650 _aLIB
650 _aSEGURIDAD
650 _aVIVIENDAS
942 _cLIB
999 _c2033
_d2033